00194nam a2200085 4500100001900000245005100019260002000070300000700090650001100097 aJanith Bandara aThe Chemistry and Applications of Carbon Fiber aColombobICHEMC a49 aCarbon